000 00321nam a22001337a 4500
008 170525b xxu||||| |||| 00| 0 eng d
020 _a9780131477148
041 _aeng
080 _22ND
_a624
100 _a26
101 _aIM
245 _aMATERIALS FOR CIVIL AND CONSTRUCTION ENGINEERS
_cMAMLOUK,M.S
942 _2udc
_cBK
999 _c14264
_d14264